Guess the Language - Statistics

General Stats
  • This quiz has been taken 35 times
  • The average score is 16 of 20
Answer Stats
Hint Answer % Correct
You need to be able to justify why you're wearing yellow socks in a formal environment. English
100%
Vous devez être en mesure de justifier pourquoi vous portez des chaussettes jaunes dans un environnement formel. French
100%
フォーマルな環境でなぜ黄色の靴下を履いているのかを正当化できる必要があります。 Japanese
100%
Вы должны быть в состоянии обосновать, почему вы носите желтые носки в официальной обстановке. Russian
100%
您需要能夠證明您為什麼在正式環境中穿黃色襪子。 Chinese
97%
يجب أن تكون قادرًا على تبرير سبب ارتداء الجوارب الصفراء في بيئة رسمية. Arabic
88%
Sie müssen begründen können, warum Sie in einem formellen Umfeld gelbe Socken tragen. German
88%
Devi essere in grado di giustificare il motivo per cui indossi calze gialle in un ambiente formale. Italian
88%
격식을 차린 자리에서 노란 양말을 신는 이유를 정당화할 수 있어야 합니다. Korean
88%
Je moet kunnen verantwoorden waarom je gele sokken draagt ​​in een formele omgeving. Dutch
85%
औपचारिक वातावरण में आप पीले मोज़े क्यों पहन रहे हैं, इसका औचित्य साबित करने में आपको सक्षम होने की आवश्यकता है। Hindi
82%
Você precisa ser capaz de justificar por que está usando meias amarelas em um ambiente formal. Portuguese
82%
אתה צריך להיות מסוגל להצדיק מדוע אתה לובש גרביים צהובים בסביבה רשמית. Hebrew
79%
Du må kunne begrunne hvorfor du har på deg gule sokker i et formelt miljø. Norwegian
79%
Meg kell tudni indokolni, miért hord sárga zoknit hivatalos környezetben. Hungarian
70%
คุณต้องสามารถบอกเหตุผลได้ว่าทำไมคุณถึงสวมถุงเท้าสีเหลืองในสภาพแวดล้อมที่เป็นทางการ Thai
67%
Anda harus bisa membenarkan mengapa Anda mengenakan kaus kaki kuning di lingkungan formal. Indonesian
58%
Pono ʻoe e hōʻoiaʻiʻo i ke kumu e ʻaʻahu ai ʻoe i nā soka melemele ma kahi ʻano kūlana. Hawaiian
55%
អ្នកត្រូវតែអាចបង្ហាញអំពីហេតុផលថាហេតុអ្វីបានជាអ្នកពាក់ស្រោមជើងពណ៌លឿងនៅក្នុងបរិយាកាសផ្លូវការ។ Khmer
55%
Jy moet kan regverdig hoekom jy geel sokkies in 'n formele omgewing dra. Afrikaans
52%
No matching quizzes found
Score Distribution
Percent of People with Each Score
Percentile by Number Answered
Your Score History
You have not taken this quiz